LEADER 00892nam0-22002891--450- 001 990008617810403321 005 20080218092948.0 035 $a000861781 035 $aFED01000861781 035 $a(Aleph)000861781FED01 035 $a000861781 100 $a20080218d1965----km-y0itay50------ba 101 0 $aita 102 $aIT 105 $ay-------001yy 200 1 $aIlluministi Italiani$eRiformatori delle antiche repubbliche, dei ducati, dello Stato Pontificio e delle isole$fa cura di Giuseppe Giarrizzo$gGianfranco Torcellan e Franco Venturi 210 $aMilano$cRicciardi$d1965 215 $a1256 p.$d22 cm 225 1 $a<>letteratura italiana 676 $a100$v11 rid.$zita 801 0$aIT$bUNINA$gRICA$2UNIMARC 901 $aBK 912 $a990008617810403321 952 $aSDI-2KG 32$bs.i.$fSDI 959 $aSDI 996 $aIlluministi italiani$959390 997 $aUNINA LEADER 00770nam 2200253 450 001 9910425460503321 005 20201209102029.0 010 $a9788891791047 100 $a20201209d2020----u y0engy50 ba 101 0 $aita 102 $aIT 105 0 $a 00 200 1 $a<>passione per la verità$ecome contrastare fake news e manipolazioni e costruire un sapere inclusivo$fa cura di laura Nota 210 $aMilano$cFrancoAngeli$d2020 215 $a194 p.$d22 cm 225 $a<>società$v204 610 0$aInformazione$aRuolo di internet 676 $a302.24$v22$zita 700 1$aNota,$bLaura$0258170 912 $a9910425460503321 952 $a302.24 NOT 1$b7451$fbfs 959 $aBFS 996 $aPassione per la verità$91762499 997 $aUNINA LEADER 06717oam 2200937 c 450 001 9910476911503321 005 20260302090207.0 010 $a9783839455692 010 $a3839455693 024 7 $a10.14361/9783839455692 035 $a(CKB)5400000000002285 035 $a(DE-B1597)572475 035 $a(OCoLC)1233040571 035 $a(DE-B1597)9783839455692 035 $a(MiAaPQ)EBC6765017 035 $a(Au-PeEL)EBL6765017 035 $a(transcript Verlag)9783839455692 035 $a(MiAaPQ)EBC6956269 035 $a(Au-PeEL)EBL6956269 035 $a(oapen)https://directory.doabooks.org/handle/20.500.12854/64117 035 $a(MiAaPQ)EBC30591552 035 $a(Au-PeEL)EBL30591552 035 $a(ScCtBLL)970208b2-0863-4bb8-81aa-10c71f0451ec 035 $a(Perlego)1984170 035 $a(oapen)doab64117 035 $a(EXLCZ)995400000000002285 100 $a20260302d2021 uy 0 101 0 $ager 135 $aur||#|||||||| 181 $ctxt$2rdacontent 182 $cc$2rdamedia 183 $acr$2rdacarrier 200 04$aDer Offenbacher Ansatz$eZur Theorie der Produktsprache$fThilo Schwer, Kai Vöckler 205 $a1st ed. 210 $aBielefeld$ctranscript Verlag$d2021 215 $a1 online resource (484 p.) 225 0 $aDesign 311 08$a9783837655698 311 08$a3837655695 327 $tFrontmatter --$tInhalt --$tEINLEITUNG --$tVorwort --$tDer Offenbacher Ansatz. Zur Einleitung --$tARCHIV --$tDesigntheorie auf neuem Wege. Anfänge, Etappen und Kontexte des Offenbacher Ansatzes --$tDialektik der Gestaltung --$tSinn-liche Funktionen im Design --$tFormalästhetische Funktionen --$tGrundlagen einer Theorie der Produktsprache. Einführung --$tGrundlagen einer Theorie der Produktsprache. Anzeichenfunktionen --$tGrundlagen einer Theorie der Produktsprache. Symbolfunktionen --$tWie kommt ein ?funktionalistischer Designer? zum Ornament? --$tdes-in - ein neues Ornarment? Weniger Konsum durch mehr Sinnlichkeit - Produkte als Leitbilder zur Umweltfreundlichkeit --$tKONTEXT --$tKontexte. Zur Vorgeschichte des »Offenbacher Ansatzes« --$tStilwandel unter Mitsprache des Designs Rückblick auf die Entwicklung und den Gebrauch der Theorie der Produktsprache --$t»... im Rückblick habe ich schon den Eindruck, dass wir für lange Zeit Avantgarde waren « --$t»Für uns stand dagegen immer der praktizierende Designer im Vordergrund.« --$tDesign muss Sinn machen. Zu einer neuen Designtheorie --$t»Man schafft keine Theorie des Designs, indem man sich einfach nur im diskursiven Raum aufhält ...« --$t»... mit dieser Theorie kann nur umgehen, wer auch aktiv gestaltet« --$t»Es ging darum, durch Design zu umweltbewussten Lösungen zu kommen.« --$tDer diskrete Charme der Ökologie --$tEntfernung Luftlinie 18,3 km: Design in Offenbach und Kronberg. Produktsprachen bei Dieter Rams/Braun und an der HfG Offenbach --$tHorst Oehlke und der erweiterte Funktionalismus in der DDR --$tFunctional, Beautiful, and Meaningful Products Designed To Be Loved ... --$tPOSITIONEN --$tDesign Discourse --$tVom Design Turn zum Project Turn --$tSchnee und öffentlicher Raum. Über das Verhältnis von Design und Sprache im öffentlichen Interesse --$tIn-Formation. Zur produktsprachlichen Analyse von Mobilitätsprozessen --$tDie Bedeutung der Produktsprache für die Gestaltung interaktiver Medien --$t»Wir müssen die Schnittstelle zur Gesellschaft und unseren Auftraggebern besser gestalten ...« --$tProduktsprache, unter anderem --$tDer Offenbacher Ansatz - und was aus der Produktsprache heute wird --$t»Gestalterischer Alltag ist kein Wettbewerb um die beste gestalterische Lösung, sondern um die beste Begründung!« --$t»Design muss als politisch hoch aufgeladene Praxis gelehrt werden ...« --$tVom erweiterten Funktionalismus zur erweiterten Symbolfunktion: Resonanzerfahrungen in der Sozial- und Fiktionsdimension --$tGestaltung in einer digitalen Welt - zur Designforschung und der Simultanität intuitiver und systemischer Prozesse im Materialdesign --$tANHANG --$tBiografien --$tDanksagung --$tBildnachweis 330 $aDie Theorie der Produktsprache stellte einen Paradigmenwechsel in der Designtheorie dar. An der Hochschule für Gestaltung (HfG) Offenbach in den 1970er und 1980er Jahren entwickelt, erweiterte sie das funktionalistische Verständnis von Produkten hinsichtlich ihrer Zeichenhaftigkeit und Bedeutungsdimension. Dieser Band macht wichtige historische Dokumente aus dieser Zeit wieder zugänglich und kontextualisiert sie mit Interviews und Stellungnahmen von Zeitzeugen. Die Aktualität der Produktsprache, auch als wesentlicher Bestandteil der Lehre im Design, wird von Expertinnen und Experten aus Theorie und Praxis diskutiert. Als Ausblick werden aktuelle Forschungsfragen im Zusammenhang mit einer Weiterentwicklung der Theorie der Produktsprache formuliert. 330 1 $a»Eine wertvolle Publikation vor, an der man bei den Diskursen um Designtheorien nicht mehr wird vorüber gehen können. Das Verdienst der Herausgeber besteht darin, nicht nur wichtige historische Texte wieder zugänglich gemacht, sondern auch Kontexte und Weiterentwicklungen der Produktsprache aufgezeigt zu haben.« 330 1 $aBesprochen in:https://gfdg.org, 16.02.2021https://prometheus.uni-koeln.de, 8 (2021)http://www.designlabor-gutenberg.de, 11.05.2021 410 0$aDesign 517 2 $aSchwer/Vöckler (Hg.), Der Offenbacher Ansatz$eZur Theorie der Produktsprache 606 $aProduktsprache 606 $aProduct Language 606 $aDesign 606 $aDesigntheorie 606 $aDesign Theory 606 $aDesigngeschichte 606 $aDesign History 606 $aGestaltung 606 $aShaping 606 $aProduct Semantics 606 $aProduktsemantik 606 $aSprache 606 $aLanguage 615 4$aProduktsprache 615 4$aProduct Language 615 4$aDesign 615 4$aDesigntheorie 615 4$aDesign Theory 615 4$aDesigngeschichte 615 4$aDesign History 615 4$aGestaltung 615 4$aShaping 615 4$aProduct Semantics 615 4$aProduktsemantik 615 4$aSprache 615 4$aLanguage 676 $a740 702 $aSchwer$b Thilo$p

Thilo Schwer, Hochschule der bildenden Künste Essen, Deutschland

$4edt 702 $aVöckler$b Kai$p

Kai Vöckler, Hochschule für Gestaltung Offenbach am Main, Deutschland

$4edt 712 02$aHfG Offenbach am Main$4fnd$4http://id.loc.gov/vocabulary/relators/fnd 801 0$bDE-B1597 801 1$bDE-B1597 906 $aBOOK 912 $a9910476911503321 996 $aDer Offenbacher Ansatz$94413612 997 $aUNINA